[Event "Schleswig Holstein-ch U16 Vormeister"]
[Site "Neumuenster"]
[Date "2011.04.26"]
[Round "3.16"]
[White "Beyer, Mirko"]
[Black "Poehl, Rene"]
[Result "1-0"]
[WhiteElo "1257"]
[BlackElo "742"]
[PlyCount "61"]
[EventDate "2011.04.25"]
[EventType "swiss"]
[EventRounds "9"]
[EventCountry "GER"]
[SourceTitle "EXT 2022"]
[Source "ChessBase"]
[SourceDate "2021.10.06"]
[SourceVersion "1"]
[SourceVersionDate "2021.10.06"]
[SourceQuality "1"]

1. e4 e5 2. Nf3 Nc6 3. Bc4 Bc5 4. d3 Nf6 5. 0-0 d6 6. Nc3 Be6 7. Bb3 Qe7 8. Be3 b6 9. Ba4 Qd7 10. d4 exd4 11. Bxd4 Bxd4 12. Nxd4 Nxd4 13. Bxd7+ Bxd7 14. Qxd4 c5 15. Qxd6 Rc8 16. Qg3 0-0 17. f3 Nh5 18. Qd6 Nf6 19. e5 Ne8 20. Qxd7 Nc7 21. Qa4 b5 22. Qxa7 b4 23. Ne4 c4 24. Qc5 c3 25. bxc3 bxc3 26. Nxc3 Ne6 27. Qe3 Nc5 28. Nd5 Rc6 29. Ne7+ Kh8 30. Nxc6 Ne6 31. Rfd1 1-0